| 000 -LEADER |
| fixed length control field |
02459nam a22004817a 4500 |
| 001 - CONTROL NUMBER |
| control field |
16429547 |
| 003 - CONTROL NUMBER IDENTIFIER |
| control field |
OSt |
| 005 - DATE AND TIME OF LATEST TRANSACTION |
| control field |
20210420074611.0 |
| 008 - FIXED-LENGTH DATA ELEMENTS--GENERAL INFORMATION |
| fixed length control field |
100823s2010 nyuab b 001 0 eng |
| 010 ## - LIBRARY OF CONGRESS CONTROL NUMBER |
| LC control number |
2010293308 |
| 015 ## - NATIONAL BIBLIOGRAPHY NUMBER |
| National bibliography number |
GBA9C4783 |
| Source |
bnb |
| 016 7# - NATIONAL BIBLIOGRAPHIC AGENCY CONTROL NUMBER |
| Record control number |
015447802 |
| Source |
Uk |
| 020 ## - INTERNATIONAL STANDARD BOOK NUMBER |
| International Standard Book Number |
9780061988448 (hardback.) |
| 035 ## - SYSTEM CONTROL NUMBER |
| System control number |
(OCoLC)ocn441194661 |
| 040 ## - CATALOGING SOURCE |
| Original cataloging agency |
UKM |
| Transcribing agency |
UKM |
| Modifying agency |
BTCTA |
| -- |
PCX |
| -- |
C#P |
| -- |
BUR |
| -- |
EINCP |
| -- |
YDXCP |
| -- |
BWX |
| -- |
ILC |
| -- |
DLC |
| Language of cataloging |
eng |
| 041 ## - LANGUAGE CODE |
| Language code of text/sound track or separate title |
eng |
| 042 ## - AUTHENTICATION CODE |
| Authentication code |
ukblcatcopy |
| -- |
lccopycat |
| 043 ## - GEOGRAPHIC AREA CODE |
| Geographic area code |
n-us--- |
| 050 00 - LIBRARY OF CONGRESS CALL NUMBER |
| Classification number |
JK1968 2010 |
| Item number |
.M67 2010 |
| 080 ## - UNIVERSAL DECIMAL CLASSIFICATION NUMBER |
| Universal Decimal Classification number |
32 |
| Item number |
M-86 |
| 082 04 - DEWEY DECIMAL CLASSIFICATION NUMBER |
| Classification number |
320.97309051 |
| Edition number |
22 |
| 100 1# - MAIN ENTRY--PERSONAL NAME |
| Personal name |
Morris, Dick. |
| 245 10 - TITLE STATEMENT |
| Title |
2010 - take back America : |
| Remainder of title |
a battle plan / |
| Statement of responsibility, etc. |
Dick Morris and Eileen McGann. |
| 246 3# - VARYING FORM OF TITLE |
| Title proper/short title |
Two thousand ten - take back America |
| 250 ## - EDITION STATEMENT |
| Edition statement |
1st ed. |
| 260 ## - PUBLICATION, DISTRIBUTION, ETC. |
| Place of publication, distribution, etc. |
New York : |
| Name of publisher, distributor, etc. |
HarperCollins, |
| Date of publication, distribution, etc. |
2010. |
| 300 ## - PHYSICAL DESCRIPTION |
| Extent |
354 p. : |
| Other physical details |
ill., map ; |
| Dimensions |
24 cm. |
| 365 ## - TRADE PRICE |
| Price amount |
26.99 usd |
| 504 ## - BIBLIOGRAPHY, ETC. NOTE |
| Bibliography, etc. note |
Includes bibliographical references (p. [311]-337) and index. |
| 505 2# - FORMATTED CONTENTS NOTE |
| Formatted contents note |
The stakes -- The targets -- The strategy -- The electronic precinct. |
| 520 ## - SUMMARY, ETC. |
| Summary, etc. |
Authors Dick Morris and Eileen McGann offer a comprehensive battle plan to oust the liberal Democrats before they can legislate Obama's dangerous policies. They provide a sharp analysis of the extraordinary stakes involved, the strategy that will win, and the specific targets to be defeated--and offer practical and workable advice on what you can do in your communities and online to turn the tide. Morris and McGann warned that an Obama presidency would mean a "lurch to the left" not seen since the days of FDR and LBJ. Now their predictions have come true, in ways that are already having devastating effects. As they make clear, the Obama administration--and the Democratic Congress--will continue their campaign to transform America into a socialist nation, unless we band together and vote the Democrats out of power in 2010.--From publisher description. |
| 610 10 - SUBJECT ADDED ENTRY--CORPORATE NAME |
| Corporate name or jurisdiction name as entry element |
United States. |
| Subordinate unit |
Congress |
| General subdivision |
Elections, 2010. |
| 650 #0 - SUBJECT ADDED ENTRY--TOPICAL TERM |
| Topical term or geographic name entry element |
Elections |
| Geographic subdivision |
United States. |
| 650 #0 - SUBJECT ADDED ENTRY--TOPICAL TERM |
| Topical term or geographic name entry element |
Politics |
| 9 (RLIN) |
443 |
| 650 #0 - SUBJECT ADDED ENTRY--TOPICAL TERM |
| Topical term or geographic name entry element |
Political campaigns |
| Geographic subdivision |
United States. |
| 651 #0 - SUBJECT ADDED ENTRY--GEOGRAPHIC NAME |
| Geographic name |
United States |
| General subdivision |
Politics and government |
| Chronological subdivision |
2009-2017. |
| 653 ## - INDEX TERM--UNCONTROLLED |
| Uncontrolled term |
პოლიტიკა |
| 653 ## - INDEX TERM--UNCONTROLLED |
| Uncontrolled term |
არჩევნები |
| 700 1# - ADDED ENTRY--PERSONAL NAME |
| Personal name |
McGann, Eileen. |
| 906 ## - LOCAL DATA ELEMENT F, LDF (RLIN) |
| a |
7 |
| b |
cbc |
| c |
copycat |
| d |
1 |
| e |
ncip |
| f |
20 |
| g |
y-gencatlg |
| 942 ## - ADDED ENTRY ELEMENTS (KOHA) |
| Source of classification or shelving scheme |
|
| Koha item type |
Books |
| Edition |
1 |